| 000 | 00774nam a2200253 a 4500 | ||
|---|---|---|---|
| 001 | 000010136 | ||
| 005 | 20250217092805.0 | ||
| 008 | 091005s2000 dr 000 0 spa d | ||
| 040 |
_aDO-SdBNP _bspa _cBNPHU |
||
| 082 |
_a232 _bJ91h |
||
| 100 | 1 |
_aJuanes, Benigno _d1916-2009 _9442 |
|
| 245 | 1 | 0 |
_aHijos de Dios en Jesucristo / _cBenigno Juanes. |
| 260 |
_aSanto Domingo : _bAmigo del Hogar, _c2000. |
||
| 300 |
_a135 p. ; _c21 cm. |
||
| 490 | 1 |
_aGuiones para una vida en Cristo ; _v2 |
|
| 490 | 1 | _aSenda ; | |
| 590 | _aInventariado, 2018/BT | ||
| 600 | 0 | 4 |
_aJESUCRISTO _9444 |
| 650 | 0 |
_aVida cristiana _9668 |
|
| 830 | 0 |
_aSenda _912405 |
|
| 830 | 0 |
_aGuiones para una vida en Cristo ; _n2 _925132 |
|
| 830 | 0 |
_aSenda ; _912405 |
|
| 910 | _aValidado. Control de calidad. MFF | ||
| 999 |
_c9895 _d9895 |
||